000 00708nam a2200253Ia 4500
003 OSt
005 20220924131853.0
006 a|||||r|||| 00| 0
007 ta
008 220923b |||||||| |||| 00| 0 tel d
020 _cRs.9
024 _a346098
037 _cTextual
040 _aARTS
_cARTS
_btel
041 _2tel
_atel
082 _aO35,3NLA9,21, L9
100 _aJonnalagadda Lalita Devi Au.
_9203141
245 0 _aRagam Tanam Pallavi
260 _aVijayawada
_bNageswari Publications India
_c1979
300 _a204p.
_ccm.
650 _aTELUGU LITERATURE
942 _hO35,3NLA9,21, L9
_cTEXL
_2CC
999 _c428500
_d428500